Agricultural transformations in North-East India (Record no. 773)

MARC details
000 -LEADER
fixed length control field 00869 a2200217 4500
008 - FIXED-LENGTH DATA ELEMENTS--GENERAL INFORMATION
fixed length control field 080820t xxu||||| |||| 00| 0 eng d
010 ## - LIBRARY OF CONGRESS CONTROL NUMBER
LC control number ENG-84934
020 ## - INTERNATIONAL STANDARD BOOK NUMBER
International Standard Book Number 8183241417
Terms of availability 350.00
035 ## - SYSTEM CONTROL NUMBER
System control number EN-68467
037 ## - SOURCE OF ACQUISITION
Source of stock number/acquisition D.B.Act / Pub
082 ## - DEWEY DECIMAL CLASSIFICATION NUMBER
Classification number 338.I0954
100 ## - MAIN ENTRY--PERSONAL NAME
Personal name Salam,M.A.
245 ## - TITLE STATEMENT
Title Agricultural transformations in North-East India
Remainder of title with special reference to Arunachal Pradesh
Statement of responsibility, etc by M.A. Salam
260 ## - PUBLICATION, DISTRIBUTION, ETC. (IMPRINT)
Place of publication, distribution, etc New Delhi
Name of publisher, distributor, etc Mittal Publications
Date of publication, distribution, etc 2006
270 ## - ADDRESS
Address 4594/9, Darya Ganj,
City New Delhi
Postal code 110002
Telephone number 23250398
Fax number 25351521
300 ## - PHYSICAL DESCRIPTION
Extent xxxii, 140p.
Dimensions 22cm.(Hb)
500 ## - GENERAL NOTE
General note Includes index
650 ## - SUBJECT ADDED ENTRY--TOPICAL TERM
Topical term or geographic name as entry element Agriculture
942 ## - ADDED ENTRY ELEMENTS (KOHA)
Institution code [OBSOLETE] dpl
Koha item type English Books
Call number prefix 338.10954 / SAL
Source of classification or shelving scheme Dewey Decimal Classification
Classification part 338.10954
Call number suffix SAL
Holdings
Withdrawn status Lost status Damaged status Not for loan Home library Current library Date acquired Cost, normal purchase price Total Checkouts Full call number Barcode Date last seen Copy number Uniform Resource Identifier Cost, replacement price Price effective from Koha item type
        D.B.Act.Division D.B.Act.Division 20/08/2008 350.00   338.10954 SAL EN-68467 15/09/2008 1 744 350.00 15/09/2008 English Books

© Delhi Public Library
Hit Counter
free hit counter